000 00638nam a2200181 i 4500
001 86928
003 ES-MaACL
005 20230906175543.0
007 t|
008 041216s1948 ag ||||1| spa d
100 1 _aKolthoff, I. M.
_968535
245 1 0 _aTratado de Química analítica cuantitativa general e inorgánica /
_cpor I.M. Kolthoff y E.B. Sandell ; traducción de la 2ª ed. inglesa por Carlos E. Prélat.
260 _aBuenos Aires :
_bNigar,
_c[1948] (
_fBalmes)
300 _aXXI, 939 p. :
_bil. ;
_c24 cm.
700 1 _aSandell, E. B.
_9103071
700 1 _aPrélat, Carlos E.
_993748
852 _aES-MaACL
_jF-5226
_bR.26965
999 _c86928
_d86928